000 00689nam a2200253Ia 4500
003 OSt
005 20220918174455.0
006 a|||||r|||| 00| 0
007 ta
008 220917b |||||||| |||| 00| 0 eng d
024 _a12,316
037 _cTextual
040 _aARTS
_cARTS
_beng
041 _2eng
_aeng
082 _aMY246.42, J6
100 _aKobayashi Kiyoshi
_950593
245 0 _aSport of Judo as in Japan practiced
250 _a2nd
260 _aTokyo
_bCharles E Tuttle
_c1956
650 _aINDUSTRIAL ARTS
700 _a Sharp Harold E
_950594
942 _hMY246.42, J6
_cTEXL
_2CC
999 _c153307
_d153307